000 00412nam a2200157Ia 4500
008 210210b1993 xxu||||| |||| 00| 0 eng d
020 _a0073 6090
082 _a050.954 INDI
100 _aINDIA.
245 _aIndia 1993 a reference annual.
260 _aNew Delhi.
_bMinistry of Information & Broadcasting Govt Of India.,
_c1993
300 _a949
650 _aIndia
690 _aSerials
906 _a048152
999 _c96902
_d96902